[Event "XXVII Festival Conca della Presolana A"]
[Site "Bratto - Castione della Presolana ITA"]
[Date "2007.08.30"]
[Round "8"]
[White "Vancini, Edoardo"]
[Black "Gallucci, Alessio"]
[Result "1-0"]
[WhiteElo "2308"]
[BlackElo "2006"]
[PlyCount "85"]
[EventDate "2007.08.23"]

1. d4 Nf6 2. Bg5 c5 3. Bxf6 gxf6 4. d5 Qb6 5. Qc1 d6 6. g3 Nd7 7. Bg2 h5 8. a4
Bh6 9. e3 Ne5 10. f4 Ng6 11. a5 Qc7 12. Nd2 Bd7 13. Nc4 Bb5 14. Bf1 Ba6 15. Nf3
Qd7 16. Kf2 e5 17. dxe6 fxe6 18. Bd3 Ne7 19. Qd1 O-O-O 20. b4 cxb4 21. Nb2 Bxd3
22. Nxd3 Nc6 23. Qd2 d5 24. Nd4 e5 25. Nxc6 bxc6 26. Rab1 d4 27. Qxb4 dxe3+ 28.
Ke1 Qc7 29. Nc5 Bf8 30. fxe5 Bxc5 31. Qxc5 Rd5 32. Qc4 Rxe5 33. Ke2 Rd5 34.
Qa6+ Kd8 35. Rb7 Qd6 36. Rhb1 Rd2+ 37. Ke1 Rxc2 38. Rb8+ Ke7 39. Qxa7+ Ke6 40.
Qxe3+ Kf5 41. Rxh8 Rxh2 42. g4+ Kg6 43. Qe4+ 1-0

[Event "XXVII Festival Conca della Presolana A"]
[Site "Bratto - Castione della Presolana ITA"]
[Date "2007.08.30"]
[Round "8"]
[White "Vocaturo, Daniele"]
[Black "Castrogiovanni, Carlo"]
[Result "1-0"]
[WhiteElo "2459"]
[BlackElo "2086"]
[PlyCount "47"]
[EventDate "2007.08.23"]

1. e4 c5 2. Nf3 a6 3. c3 d5 4. exd5 Qxd5 5. d4 Nf6 6. Be2 cxd4 7. cxd4 g6 8.
Nc3 Qd6 9. O-O Bg7 10. Ne5 Nc6 11. Nxc6 bxc6 12. Bf3 O-O 13. Na4 Be6 14. Be3
Nd5 15. Rc1 Nxe3 16. fxe3 Bd5 17. b3 f5 18. Rc5 f4 19. Nb6 Rab8 20. Nxd5 fxe3
21. Rxc6 Qd7 22. Rc4 e2 23. Qxe2 e6 24. Nc3 1-0

[Event "XXVII Festival Conca della Presolana A"]
[Site "Bratto - Castione della Presolana ITA"]
[Date "2007.08.31"]
[Round "9"]
[White "Aagaard, Jacob"]
[Black "Godena, Michele"]
[Result "1-0"]
[WhiteElo "2467"]
[BlackElo "2547"]
[PlyCount "61"]
[EventDate "2007.08.23"]

1. e4 e5 2. Nf3 Nc6 3. Bb5 a6 4. Ba4 Nf6 5. O-O b5 6. Bb3 Bc5 7. a4 Rb8 8. c3
d6 9. d4 Bb6 10. a5 Ba7 11. h3 O-O 12. Be3 Ra8 13. Re1 Bb7 14. Nbd2 Nd7 15. Bd5
Rb8 16. b4 exd4 17. Nxd4 Bxd4 18. Bxd4 Nxd4 19. cxd4 Bxd5 20. exd5 Qg5 21. Rc1
Nf6 22. Nf1 Nxd5 23. Qb3 Nf4 24. Qf3 Rfc8 25. Ng3 Ne6 26. d5 Nf8 27. Nf5 Ng6
28. Qe4 h5 29. Rc6 Ra8 30. Nd4 Ne5 31. f4 1-0

[Event "XXVII Festival Conca della Presolana A"]
[Site "Bratto - Castione della Presolana ITA"]
[Date "2007.08.31"]
[Round "9"]
[White "Andreoli, Renato"]
[Black "Madiai, Federico"]
[Result "1-0"]
[WhiteElo "2145"]
[BlackElo "2044"]
[PlyCount "27"]
[EventDate "2007.08.23"]

1. Nf3 Nf6 2. g3 g6 3. Bg2 Bg7 4. O-O O-O 5. d4 d5 6. c4 dxc4 7. Na3 c3 8. bxc3
Bf5 9. Ne5 Qc8 10. Qb3 c6 11. Nac4 Nbd7 12. Ba3 Re8 13. Nxf7 Be6 14. Ng5 1-0

[Event "XXVII Festival Conca della Presolana A"]
[Site "Bratto - Castione della Presolana ITA"]
[Date "2007.08.31"]
[Round "9"]
[White "Barlocco, Carlo"]
[Black "Valenti, Giuseppe"]
[Result "0-1"]
[WhiteElo "2116"]
[BlackElo "2221"]
[PlyCount "64"]
[EventDate "2007.08.23"]

1. d4 Nf6 2. c4 e6 3. Nc3 c5 4. d5 exd5 5. cxd5 d6 6. Nf3 g6 7. Bf4 a6 8. e3
Bg7 9. a4 O-O 10. Nd2 Nh5 11. Bg3 Nxg3 12. hxg3 Nd7 13. Be2 Re8 14. O-O Rb8 15.
a5 Qc7 16. Nc4 Ne5 17. Qd2 Nxc4 18. Bxc4 b5 19. axb6 Rxb6 20. Ra3 Qb8 21. b3
Bd7 22. Rfa1 Bb5 23. R1a2 Bxc4 24. bxc4 Rb3 25. Ne2 Rb1+ 26. Kh2 Qb4 27. Ra4
Qxd2 28. Rxd2 Rf1 29. Nf4 a5 30. Rc2 g5 31. Nh3 g4 32. Nf4 Rb8 0-1

[Event "XXVII Festival Conca della Presolana A"]
[Site "Bratto - Castione della Presolana ITA"]
[Date "2007.08.31"]
[Round "9"]
[White "Bonafede, Alessandro"]
[Black "Rombaldoni, Denis"]
[Result "1-0"]
[WhiteElo "2234"]
[BlackElo "2383"]
[PlyCount "51"]
[EventDate "2007.08.23"]

1. e4 c6 2. d4 d5 3. e5 Bf5 4. c4 e6 5. Nc3 Nd7 6. a3 f6 7. f4 fxe5 8. fxe5
dxc4 9. Bxc4 Nxe5 10. Ba6 Qb6 11. Be2 Nf7 12. g4 Bg6 13. Bc4 Be7 14. Nf3 h5 15.
g5 Bf5 16. Qe2 Bd6 17. Bxe6 Bxe6 18. Qxe6+ Ne7 19. g6 Nh6 20. Qxd6 Nhf5 21. Qe6
Rf8 22. Ne4 Rd8 23. Bg5 Qb5 24. O-O-O Rd5 25. Nc3 Qc4 26. Rhe1 1-0

[Event "XXVII Festival Conca della Presolana A"]
[Site "Bratto - Castione della Presolana ITA"]
[Date "2007.08.31"]
[Round "9"]
[White "Borgo, Giulio"]
[Black "Pepino, Enrico"]
[Result "1-0"]
[WhiteElo "2421"]
[BlackElo "2153"]
[PlyCount "105"]
[EventDate "2007.08.23"]

1. e4 c5 2. Nf3 d6 3. d4 cxd4 4. Nxd4 Nf6 5. f3 g6 6. c4 Bg7 7. Be3 O-O 8. Nc3
Nc6 9. Qd2 Nxd4 10. Bxd4 Qa5 11. Rc1 Be6 12. b3 Rfc8 13. Bd3 Rab8 14. O-O a6
15. Qb2 Qh5 16. Qf2 Nd7 17. Ba7 Ne5 18. Be2 Nc6 19. Bb6 Qe5 20. Rfd1 Bh6 21.
Be3 Bxe3 22. Qxe3 Qc5 23. Kf2 a5 24. Na4 Qxe3+ 25. Kxe3 Nb4 26. Nc3 Na6 27. g4
g5 28. h4 h6 29. f4 gxf4+ 30. Kxf4 Nc5 31. e5 dxe5+ 32. Kxe5 a4 33. Rb1 axb3
34. axb3 Rd8 35. b4 Nd7+ 36. Kf4 b6 37. Nd5 Bxd5 38. Rxd5 Nf6 39. Rxd8+ Rxd8
40. Ke3 e5 41. Rf1 Kg7 42. Rf5 Nd7 43. Bf3 f6 44. Be4 Rc8 45. Bd5 Rc7 46. Ke4
Ra7 47. Rf1 Ra2 48. c5 Ra4 49. c6 Nc5+ 50. Kf5 Na6 51. Be4 Rxb4 52. Ra1 Nc5 53.
Ra7+ 1-0

[Event "XXVII Festival Conca della Presolana A"]
[Site "Bratto - Castione della Presolana ITA"]
[Date "2007.08.31"]
[Round "9"]
[White "Bracaglia, Carlo"]
[Black "Isonzo, David"]
[Result "1/2-1/2"]
[WhiteElo "2134"]
[BlackElo "2356"]
[PlyCount "76"]
[EventDate "2007.08.23"]

1. e4 c5 2. Nf3 d6 3. d4 cxd4 4. Nxd4 Nf6 5. Nc3 a6 6. Bc4 e6 7. Bb3 b5 8. O-O
Be7 9. f4 O-O 10. Be3 b4 11. Na4 Nxe4 12. f5 d5 13. Nf3 Qc7 14. fxe6 Bxe6 15.
Bxd5 Bxd5 16. Qxd5 Qc6 17. Rad1 Qxd5 18. Rxd5 Nf6 19. Rd3 Nc6 20. Rfd1 Rfe8 21.
Bc5 Bd8 22. c4 bxc3 23. Nxc3 a5 24. b3 Rc8 25. a3 Nb8 26. b4 Na6 27. Na4 axb4
28. Bxb4 Ne4 29. Nd4 Ra8 30. Nc6 Bc7 31. Rd7 Nf6 32. R7d2 Re6 33. Ne7+ Kh8 34.
Nc5 Nxc5 35. Bxc5 Ne4 36. Nd5 Ba5 37. Bb4 Bd8 38. Rd4 Nd6 1/2-1/2

[Event "XXVII Festival Conca della Presolana A"]
[Site "Bratto - Castione della Presolana ITA"]
[Date "2007.08.31"]
[Round "9"]
[White "Bresciani, Nicola"]
[Black "Cordara, Michele"]
[Result "1/2-1/2"]
[WhiteElo "2278"]
[BlackElo "2151"]
[PlyCount "39"]
[EventDate "2007.08.23"]

1. e4 c5 2. Nf3 d6 3. d4 cxd4 4. Nxd4 Nf6 5. Nc3 a6 6. Be2 e5 7. Nb3 Be7 8. Be3
Be6 9. O-O O-O 10. a4 Nc6 11. Bf3 Rc8 12. Nd5 Bxd5 13. exd5 Na5 14. Nd2 Nd7 15.
Be2 Nb6 16. Bxb6 Qxb6 17. Rb1 Bg5 18. b3 Qb4 19. Nf3 Bh6 20. c4 1/2-1/2

[Event "XXVII Festival Conca della Presolana A"]
[Site "Bratto - Castione della Presolana ITA"]
[Date "2007.08.31"]
[Round "9"]
[White "Brun, Dario"]
[Black "Sax, Gyula"]
[Result "0-1"]
[WhiteElo "2207"]
[BlackElo "2522"]
[PlyCount "59"]
[EventDate "2007.08.23"]

1. d4 Nf6 2. c4 c5 3. d5 g6 4. Nc3 d6 5. e4 Bg7 6. Be2 O-O 7. Nf3 e6 8. O-O Re8
9. dxe6 Bxe6 10. Bf4 Bg4 11. Bxd6 Nxe4 12. Nxe4 Rxe4 13. Bxc5 Qc8 14. Be3 Bxb2
15. Rb1 Bg7 16. Qd5 Re7 17. Rfd1 Nc6 18. h3 Bf5 19. Bd3 Be6 20. Qb5 h6 21. Be2
Qe8 22. Bc5 Rc7 23. Bd6 Rd7 24. Bf4 Bd4 25. Nxd4 Nxd4 26. Qe5 Bf5 27. Bg4 Bxg4
28. Rxd4 Qxe5 29. Bxe5 Rxd4 30. Bxd4 {...} 0-1

[Event "XXVII Festival Conca della Presolana A"]
[Site "Bratto - Castione della Presolana ITA"]
[Date "2007.08.31"]
[Round "9"]
[White "Brunello, Marina"]
[Black "Djabri, Zafer M."]
[Result "1/2-1/2"]
[WhiteElo "1947"]
[BlackElo "2091"]
[PlyCount "76"]
[EventDate "2007.08.23"]

1. e4 c5 2. c3 Nf6 3. e5 Nd5 4. d4 cxd4 5. Nf3 e6 6. cxd4 d6 7. Bc4 Nc6 8. O-O
Be7 9. Qe2 O-O 10. a3 Qc7 11. Bd2 b6 12. Qe4 f5 13. exf6 Nxf6 14. Bxe6+ Kh8 15.
Qe2 Bb7 16. Nc3 Rae8 17. Qc4 Qb8 18. Ng5 Nd8 19. Bf7 d5 20. Bxd5 Nxd5 21. Nxd5
Bxg5 22. Bxg5 Ne6 23. Bh4 Qa8 24. Ne3 Nf4 25. d5 Nxd5 26. Nxd5 Bxd5 27. Qg4 Re6
28. Bg3 Rg6 29. Qe2 Bxg2 30. Rfe1 Bh1 31. Qf1 h5 32. Re5 Bf3 33. h4 Qd8 34. Kh2
Qf6 35. Rae1 Qc6 36. Rc1 Qf6 37. Rce1 Kh7 38. Qd3 Kh8 1/2-1/2

[Event "XXVII Festival Conca della Presolana A"]
[Site "Bratto - Castione della Presolana ITA"]
[Date "2007.08.31"]
[Round "9"]
[White "Buono, Michele"]
[Black "Radice, Luca"]
[Result "1-0"]
[WhiteElo "2170"]
[BlackElo "2056"]
[PlyCount "129"]
[EventDate "2007.08.23"]

1. e4 e6 2. Nf3 d5 3. e5 Bd7 4. a3 a5 5. d4 c5 6. c3 Nc6 7. Bd3 Qb6 8. Bc2 Nh6
9. O-O Be7 10. Re1 Qa7 11. h3 a4 12. Be3 b6 13. Bxh6 gxh6 14. Qd2 Bf8 15. Qf4
Bg7 16. Nbd2 cxd4 17. cxd4 Ne7 18. Bd3 Qa5 19. Rac1 Bb5 20. Bb1 Rc8 21. Qg4 O-O
22. Nf1 Bxf1 23. Rxf1 Qb5 24. Qh4 Qxb2 25. Rxc8 Nxc8 26. Ng5 Qxa3 27. Nxh7 Re8
28. Nf6+ Bxf6 29. exf6 Qf8 30. Bc2 b5 31. Qg3+ Kh8 32. Qd3 Qg8 33. Qxb5 Nd6 34.
Qxa4 Qg5 35. Qd7 Rg8 36. g3 Ne4 37. Qxf7 Qxf6 38. Qxf6+ Nxf6 39. Re1 Re8 40.
Bg6 Re7 41. Bf5 Ne8 42. Rxe6 Rxe6 43. Bxe6 Nd6 44. Bxd5 Nf5 45. Bc4 Nxd4 46. f4
Kg7 47. Kf2 Kf6 48. g4 Nc6 49. Ke3 Ne7 50. Bb3 Ng6 51. Bc2 Ne7 52. Be4 Nc8 53.
h4 Nd6 54. Bd3 Nf7 55. Kd4 Nd6 56. Kd5 Nf7 57. Bc2 Nd8 58. g5+ Kg7 59. f5 hxg5
60. hxg5 Nf7 61. f6+ Kf8 62. g6 Nh6 63. Ke6 Nf7 64. g7+ Kg8 65. Bh7+ 1-0

[Event "XXVII Festival Conca della Presolana A"]
[Site "Bratto - Castione della Presolana ITA"]
[Date "2007.08.31"]
[Round "9"]
[White "Capurro, Giuliano"]
[Black "Di Lascio, Savino"]
[Result "1-0"]
[WhiteElo "2139"]
[BlackElo "2014"]
[PlyCount "91"]
[EventDate "2007.08.23"]

1. e4 c6 2. d4 d5 3. e5 Bf5 4. Nf3 e6 5. Bd3 Bxd3 6. Qxd3 Qa5+ 7. c3 Qa6 8.
Qxa6 Nxa6 9. b4 Nc7 10. Bb2 Ne7 11. O-O h5 12. h4 Nf5 13. Nbd2 Be7 14. g3 Kd7
15. Nb3 b6 16. Bc1 Nb5 17. Bb2 a5 18. bxa5 bxa5 19. a4 Rhb8 20. axb5 Rxb5 21.
Nfd2 a4 22. Bc1 Kc7 23. Ba3 Bxa3 24. Rxa3 Ne7 25. Nc5 Rb2 26. Nf3 Nc8 27. Rxa4
Rxa4 28. Nxa4 Ra2 29. Nc5 Rc2 30. Rb1 Rxc3 31. Rb7+ Kd8 32. Ng5 Ra3 33. Nxf7+
Ke8 34. Nxe6 g6 35. Rc7 Ra8 36. Rb7 Ra4 37. Ng7+ Kf8 38. Ng5 Ra7 39. N7e6+ Ke8
40. Ng7+ Kf8 41. N5e6+ Kg8 42. Rb8 c5 43. Rxc8+ Kh7 44. Ne8 Ra1+ 45. Kg2 cxd4
46. Nf6+ 1-0

[Event "XXVII Festival Conca della Presolana A"]
[Site "Bratto - Castione della Presolana ITA"]
[Date "2007.08.31"]
[Round "9"]
[White "Cardili, Mariano"]
[Black "Capece, Adolivio"]
[Result "1-0"]
[WhiteElo "2094"]
[BlackElo "2049"]
[PlyCount "53"]
[EventDate "2007.08.23"]

1. d4 Nf6 2. c4 c5 3. d5 b5 4. cxb5 e6 5. Nc3 exd5 6. Nxd5 Bb7 7. Nxf6+ Qxf6 8.
Nf3 d5 9. g3 Bd6 10. Bg2 O-O 11. O-O Nd7 12. Qc2 h6 13. Rd1 Rfe8 14. Nh4 Nb6
15. a4 a6 16. bxa6 Rxa6 17. Nf5 Bf8 18. Ne3 Qe5 19. a5 Ba8 20. Ra3 d4 21. axb6
Rxa3 22. Nc4 Qh5 23. bxa3 Rxe2 24. Qd3 Bxg2 25. Kxg2 Qd5+ 26. Kg1 Qe6 27. Bf4
1-0

[Event "XXVII Festival Conca della Presolana A"]
[Site "Bratto - Castione della Presolana ITA"]
[Date "2007.08.31"]
[Round "9"]
[White "Castrogiovanni, Carlo"]
[Black "Campomori, Bruno"]
[Result "0-1"]
[WhiteElo "2086"]
[BlackElo "2043"]
[PlyCount "61"]
[EventDate "2007.08.23"]

1. Nf3 c5 2. c4 Nc6 3. g3 g6 4. Bg2 Bg7 5. Nc3 f5 6. e4 d6 7. d3 Nf6 8. h3 O-O
9. Be3 fxe4 10. dxe4 Qb6 11. Qd2 Be6 12. Nd5 Bxd5 13. exd5 Ne4 14. Qc2 Qb4+ 15.
Kf1 Nd4 16. Bxd4 Bxd4 17. Qxe4 Qxb2 18. Qe1 Qxa1 19. Qxa1 Bxa1 20. Ke2 Bf6 21.
Nd2 Rab8 22. Rb1 Kg7 23. Be4 h6 24. Bd3 e6 25. dxe6 Rfe8 26. Be4 Rxe6 27. Kd3
b6 28. a4 Be5 29. Rg1 Ree8 30. Bd5 Bd4 31. Rg2 {...} 0-1

[Event "XXVII Festival Conca della Presolana A"]
[Site "Bratto - Castione della Presolana ITA"]
[Date "2007.08.31"]
[Round "9"]
[White "Cugini, Verter"]
[Black "Maccagno, Giancarlo"]
[Result "1-0"]
[WhiteElo "2199"]
[BlackElo "2109"]
[PlyCount "49"]
[EventDate "2007.08.23"]

1. e4 g6 2. d4 d6 3. Nf3 Bg7 4. Be2 Nd7 5. O-O Ngf6 6. Nc3 O-O 7. Be3 e5 8.
dxe5 Nxe5 9. Nxe5 dxe5 10. Bc5 Qxd1 11. Raxd1 Re8 12. Nb5 Nxe4 13. Nxc7 Nxc5
14. Nxe8 Bf5 15. Nxg7 Kxg7 16. Rd5 Rc8 17. Rxe5 Kf6 18. Re3 Bxc2 19. Rc3 Bf5
20. Rfc1 b6 21. b4 Re8 22. Bb5 Bd7 23. Rxc5 Bxb5 24. Rxb5 Re6 25. Rd5 1-0

[Event "XXVII Festival Conca della Presolana A"]
[Site "Bratto - Castione della Presolana ITA"]
[Date "2007.08.31"]
[Round "9"]
[White "D'Apa, Matteo"]
[Black "Bellia, Fabrizio"]
[Result "0-1"]
[WhiteElo "2055"]
[BlackElo "2405"]
[PlyCount "54"]
[EventDate "2007.08.23"]

1. d4 Nf6 2. c4 e6 3. Nf3 Bb4+ 4. Bd2 Qe7 5. a3 Bxd2+ 6. Nbxd2 d6 7. e4 e5 8.
d5 O-O 9. Bd3 a5 10. b4 Nh5 11. O-O Nf4 12. Qc2 Na6 13. c5 Nxd3 14. Qxd3 axb4
15. cxd6 cxd6 16. axb4 Nxb4 17. Qb5 Rxa1 18. Rxa1 Na6 19. Nb3 f5 20. exf5 Bxf5
21. Rxa6 bxa6 22. Qxa6 Be4 23. Nbd2 Bxd5 24. Qd3 Bb7 25. h3 d5 26. Qe3 Re8 27.
Qb3 Ba8 0-1

[Event "XXVII Festival Conca della Presolana A"]
[Site "Bratto - Castione della Presolana ITA"]
[Date "2007.08.31"]
[Round "9"]
[White "David, Alberto"]
[Black "Hunt, Adam C."]
[Result "1-0"]
[WhiteElo "2529"]
[BlackElo "2461"]
[PlyCount "79"]
[EventDate "2007.08.23"]

1. e4 c5 2. Nf3 d6 3. Bb5+ Bd7 4. Bxd7+ Qxd7 5. O-O Nf6 6. Qe2 Nc6 7. Rd1 Rc8
8. c3 e6 9. d3 Be7 10. Nbd2 O-O 11. Nf1 Qc7 12. Ng3 d5 13. e5 Nd7 14. Bf4 b5
15. Nh5 Rfe8 16. Rac1 Qa5 17. b3 Nf8 18. c4 Ng6 19. Bd2 Qa6 20. g3 Red8 21. h4
bxc4 22. dxc4 dxc4 23. bxc4 Nd4 24. Nxd4 cxd4 25. Bf4 Qa3 26. Qg4 Qxa2 27. Ra1
Qxc4 28. Rxa7 Rc7 29. Rxc7 Qxc7 30. Nf6+ gxf6 31. exf6 Bd6 32. Bxd6 Qxd6 33. h5
e5 34. hxg6 hxg6 35. Qh4 Qc6 36. g4 Qf3 37. Rd3 Qf4 38. Rh3 Qc1+ 39. Kg2 Qc6+
40. Kh2 1-0

[Event "XXVII Festival Conca della Presolana A"]
[Site "Bratto - Castione della Presolana ITA"]
[Date "2007.08.31"]
[Round "9"]
[White "Dervishi, Erald"]
[Black "Vancini, Edoardo"]
[Result "1-0"]
[WhiteElo "2553"]
[BlackElo "2308"]
[PlyCount "87"]
[EventDate "2007.08.23"]

1. e4 c5 2. Nf3 e6 3. d4 cxd4 4. Nxd4 Nc6 5. Nb5 d6 6. c4 Nf6 7. N1c3 a6 8. Na3
Be7 9. Be2 b6 10. O-O Bb7 11. Be3 O-O 12. Qd2 d5 13. exd5 exd5 14. Rfd1 Bxa3
15. bxa3 dxc4 16. Qb2 Qc8 17. Qxb6 Ne7 18. Rab1 Ne4 19. Nxe4 Bxe4 20. Rbc1 c3
21. Rd4 Bg6 22. Rc4 Qf5 23. Rc5 Qd7 24. Rc7 Qd8 25. R7xc3 Qxb6 26. Bxb6 Nd5 27.
Rb3 Rfe8 28. Bf3 Rac8 29. Rxc8 Rxc8 30. h3 Nxb6 31. Rxb6 Bd3 32. Bd5 g6 33. Bb3
Rc7 34. f4 Re7 35. Kf2 Kg7 36. a4 h6 37. Rd6 Be4 38. Rxa6 g5 39. fxg5 hxg5 40.
Rd6 f6 41. Re6 Rxe6 42. Bxe6 f5 43. a5 Kf6 44. Bc8 1-0

[Event "XXVII Festival Conca della Presolana A"]
[Site "Bratto - Castione della Presolana ITA"]
[Date "2007.08.31"]
[Round "9"]
[White "Drabke, Lorenz Maximilian"]
[Black "Lapiccirella, Daniele"]
[Result "1/2-1/2"]
[WhiteElo "2416"]
[BlackElo "2164"]
[PlyCount "57"]
[EventDate "2007.08.23"]

1. e4 c5 2. Nf3 e6 3. d4 cxd4 4. Nxd4 Nc6 5. Nb5 d6 6. c4 Nf6 7. N1c3 a6 8. Na3
Be7 9. Be2 b6 10. O-O Bb7 11. Be3 Ne5 12. f3 Qc7 13. Rc1 O-O 14. Qd2 Rfe8 15.
Na4 Ned7 16. Nc2 Rac8 17. Nb4 Nc5 18. Nc3 a5 19. Nd3 d5 20. Nb5 Qd8 21. cxd5
exd5 22. e5 Nfd7 23. Bf4 Ne6 24. Bg3 Ba6 25. Nf2 Rxc1 26. Rxc1 Ndc5 27. Nc3 d4
28. Nce4 Bxe2 29. Qxe2 1/2-1/2

[Event "XXVII Festival Conca della Presolana A"]
[Site "Bratto - Castione della Presolana ITA"]
[Date "2007.08.31"]
[Round "9"]
[White "Dvirnyy, Danyyil"]
[Black "Chkhaidze, Nikoloz"]
[Result "1-0"]
[WhiteElo "2365"]
[BlackElo "2183"]
[PlyCount "93"]
[EventDate "2007.08.23"]

1. e4 c6 2. d4 d5 3. Nc3 dxe4 4. Nxe4 Bf5 5. Ng3 Bg6 6. h4 h6 7. Nf3 Nd7 8. h5
Bh7 9. Bd3 Bxd3 10. Qxd3 e6 11. Bf4 Ngf6 12. O-O-O Be7 13. Kb1 O-O 14. Rhe1 c5
15. c4 cxd4 16. Nxd4 Qa5 17. Bd2 Bb4 18. Nb3 Qb6 19. Ne4 Nxe4 20. Qxe4 Nf6 21.
Qe2 Rac8 22. g4 Rfd8 23. f4 Bxd2 24. Nxd2 Qc5 25. Rg1 Rd4 26. Rdf1 Rxf4 27. a3
Rd8 28. Rxf4 Qxg1+ 29. Ka2 Qc1 30. Rf2 Nxg4 31. Rg2 Nf6 32. Nb3 Qf4 33. c5 Qf5
34. Qb5 b6 35. a4 bxc5 36. Qa5 Qd5 37. Rd2 c4 38. Qxd8+ Qxd8 39. Rxd8+ Kh7 40.
Nd2 Nxh5 41. Nxc4 g5 42. Rd7 Kg8 43. Ne5 f5 44. Rxa7 g4 45. a5 Nf6 46. a6 Nd5
47. Rb7 1-0

[Event "XXVII Festival Conca della Presolana A"]
[Site "Bratto - Castione della Presolana ITA"]
[Date "2007.08.31"]
[Round "9"]
[White "Esen, Baris"]
[Black "Scalcione, Michelangelo"]
[Result "1/2-1/2"]
[WhiteElo "2441"]
[BlackElo "2288"]
[PlyCount "160"]
[EventDate "2007.08.23"]

1. d4 d6 2. Nf3 Bg4 3. e4 Nf6 4. Nc3 e6 5. h3 Bh5 6. Bg5 Be7 7. Qd2 c6 8. g4
Bg6 9. Bd3 d5 10. Bxf6 Bxf6 11. O-O-O Nd7 12. h4 dxe4 13. Bxe4 Qc7 14. Bxg6
hxg6 15. g5 Be7 16. Ne5 Nxe5 17. dxe5 Rd8 18. Qf4 Rxd1+ 19. Rxd1 f6 20. Re1 f5
21. Rd1 Qa5 22. a3 b5 23. Kb1 Qb6 24. Ne2 b4 25. a4 Qa6 26. Nd4 Kf7 27. Rd3 Qc4
28. b3 Qd5 29. f3 Qc5 30. Kb2 a6 31. c3 Rd8 32. c4 Rd7 33. Kc2 Bd8 34. Ne2 Rxd3
35. Kxd3 Bc7 36. Qd4 Qxe5 37. Qd7+ Kg8 38. Nd4 Qg3 39. Qxc6 e5 40. Qxg6 e4+ 41.
Kc2 Qf2+ 42. Kb1 Qe1+ 43. Kc2 exf3 44. Qxf5 Qc3+ 45. Kb1 Qxd4 46. Qxf3 Be5 47.
Kc2 g6 48. Qa8+ Kh7 49. Qb7+ Bg7 50. Qxb4 Qe4+ 51. Kd1 Qd3+ 52. Kc1 Qf1+ 53.
Kc2 Qf5+ 54. Kd1 a5 55. Qb5 Qd3+ 56. Kc1 Qe3+ 57. Kd1 Qf3+ 58. Kd2 Bc3+ 59. Kc2
Bg7 60. Qxa5 Qe4+ 61. Kd2 Qd4+ 62. Ke2 Qb2+ 63. Qd2 Qxb3 64. Qd3 Qa2+ 65. Kf1
Qa1+ 66. Kg2 Qb2+ 67. Kh3 Qc1 68. Qe4 Qf1+ 69. Kh2 Qf2+ 70. Kh3 Qf1+ 71. Kh2
Qd1 72. Kg2 Qd2+ 73. Kf1 Qd1+ 74. Kg2 Qxa4 75. h5 Qa2+ 76. Kh3 Qa3+ 77. Kg4 Qd6
78. hxg6+ Qxg6 79. Qf5 Qxf5+ 80. Kxf5 Bd4 1/2-1/2

[Event "XXVII Festival Conca della Presolana A"]
[Site "Bratto - Castione della Presolana ITA"]
[Date "2007.08.31"]
[Round "9"]
[White "Esplugas Esteve, Vicenc"]
[Black "Danieli, Enrico"]
[Result "0-1"]
[WhiteElo "2012"]
[BlackElo "2117"]
[PlyCount "94"]
[EventDate "2007.08.23"]

1. d4 d5 2. c4 e6 3. Nc3 Nf6 4. cxd5 exd5 5. Bg5 c6 6. Qc2 Be7 7. e3 O-O 8. Bd3
Nbd7 9. Nf3 Re8 10. O-O Nf8 11. Rab1 Ne4 12. Bxe4 dxe4 13. Nxe4 Bf5 14. Bf4 Qd5
15. Nfd2 Bb4 16. f3 Bxd2 17. Qxd2 Bxe4 18. fxe4 Rxe4 19. b4 Rae8 20. Rbc1 Nd7
21. Rf3 R8e6 22. Qf2 Nf6 23. Rc5 Qd7 24. Rg5 h6 25. Rgg3 Nh5 26. Rh3 Nxf4 27.
Rxf4 Qe7 28. Rxe4 Rxe4 29. a3 a5 30. Qf5 Rxe3 31. Rxe3 Qxe3+ 32. Kf1 Qc1+ 33.
Kf2 Qd2+ 34. Kf3 Qd1+ 35. Kf2 Qxd4+ 36. Kg3 Qe3+ 37. Kh4 Qe1+ 38. Kg4 Qe6 39.
bxa5 Qxf5+ 40. Kxf5 Kf8 41. Ke5 Ke7 42. a4 g6 43. Kd4 Kd6 44. Kc4 f5 45. Kb4 g5
46. a6 bxa6 47. Ka5 c5 0-1

[Event "XXVII Festival Conca della Presolana A"]
[Site "Bratto - Castione della Presolana ITA"]
[Date "2007.08.31"]
[Round "9"]
[White "Gasperoni, Stefano"]
[Black "Canova, Luca"]
[Result "1/2-1/2"]
[WhiteElo "2024"]
[BlackElo "2082"]
[PlyCount "107"]
[EventDate "2007.08.23"]

1. e4 e5 2. Nf3 Nc6 3. Bb5 a6 4. Ba4 Nf6 5. O-O b5 6. Bb3 Bc5 7. c3 d6 8. d4
Bb6 9. dxe5 dxe5 10. Qxd8+ Nxd8 11. Nxe5 Nxe4 12. Nd2 Nxd2 13. Bxd2 Be6 14.
Rfe1 O-O 15. Bxe6 Nxe6 16. Be3 Bxe3 17. Rxe3 Rad8 18. Rae1 Rd2 19. R3e2 Rfd8
20. Kf1 R2d6 21. g3 g5 22. f3 Kg7 23. Kg2 h5 24. a4 c5 25. axb5 axb5 26. Ra1
Rd2 27. Kf2 Kf6 28. Nc6 R8d6 29. Na7 b4 30. Nb5 Rxe2+ 31. Kxe2 Rd8 32. Rd1 Rxd1
33. Kxd1 Ke5 34. Ke2 Kd5 35. cxb4 Kc4 36. Nd6+ Kxb4 37. Nxf7 Kb3 38. Ne5 Kxb2
39. Ke3 Kb3 40. f4 gxf4+ 41. gxf4 Ng7 42. Ke4 c4 43. Nxc4 Kxc4 44. f5 Nxf5 45.
Kxf5 Kd5 46. h4 Kd6 47. Kf6 Kd7 48. Kg6 Ke6 49. Kxh5 Kf7 50. Kh6 Kg8 51. Kg6
Kh8 52. h5 Kg8 53. h6 Kh8 54. h7 1/2-1/2

[Event "XXVII Festival Conca della Presolana A"]
[Site "Bratto - Castione della Presolana ITA"]
[Date "2007.08.31"]
[Round "9"]
[White "Jablon, Stephen"]
[Black "Pegoraro, Nicola"]
[Result "1-0"]
[WhiteElo "2024"]
[BlackElo "2061"]
[PlyCount "61"]
[EventDate "2007.08.23"]

1. f4 d5 2. b3 Nc6 3. Bb2 Bf5 4. Nf3 Nf6 5. e3 a6 6. Bd3 Bxd3 7. cxd3 e6 8. O-O
Bd6 9. Nc3 Qe7 10. Ne2 O-O-O 11. Rc1 Nb4 12. Ba3 Kb8 13. Bxb4 Bxb4 14. Ne5 Nd7
15. d4 Rc8 16. Nc3 c5 17. Nxd7+ Qxd7 18. Na4 Qd6 19. dxc5 Bxc5 20. Qh5 Bb4 21.
Nc3 f5 22. Qd1 d4 23. Ne2 Rxc1 24. Qxc1 Rc8 25. Qb2 dxe3 26. dxe3 Qd3 27. Qe5+
Bd6 28. Qxe6 Rc2 29. Nd4 Rxa2 30. Qxd6+ Ka8 31. Qd8+ 1-0

[Event "XXVII Festival Conca della Presolana A"]
[Site "Bratto - Castione della Presolana ITA"]
[Date "2007.08.31"]
[Round "9"]
[White "Jaracz, Pawel"]
[Black "Erturan, Yakup"]
[Result "1/2-1/2"]
[WhiteElo "2495"]
[BlackElo "2389"]
[PlyCount "60"]
[EventDate "2007.08.23"]

1. Nf3 Nf6 2. c4 e6 3. Nc3 d5 4. e3 Be7 5. b3 O-O 6. Bb2 Nbd7 7. d4 c6 8. Bd3
b6 9. O-O Bb7 10. Qe2 c5 11. cxd5 Nxd5 12. Nxd5 Bxd5 13. Rfd1 Qc7 14. Rac1 Rac8
15. dxc5 bxc5 16. Nd2 Bf6 17. Bxf6 Nxf6 18. e4 Bb7 19. Nc4 e5 20. f3 Rfd8 21.
Qb2 Rd4 22. Qa3 Nd7 23. Ne3 g6 24. Ba6 Bxa6 25. Qxa6 Nb6 26. a4 Rxd1+ 27. Rxd1
Rd8 28. Rxd8+ Qxd8 29. Qxa7 Qd4 30. Qxb6 Qxe3+ 1/2-1/2